| 000 | 01760nam a2200289Ia 4500 | ||
|---|---|---|---|
| 001 | G5000 | ||
| 003 | IT-RoPAU | ||
| 008 | 130308s9999 xx 000 0 und d | ||
| 040 | _aIT-RoPAU | ||
| 040 | _cIT-RoPAU | ||
| 041 | _aITALIANO | ||
| 100 | _aCattaneo Armando | ||
| 100 | _gCodice Aut. SPICS: 54932 | ||
| 245 | _aCaro Bill | ||
| 245 | _bCaro Bill | ||
| 250 | _a1a ed. | ||
| 260 | _aROMA | ||
| 260 | _bEdizioni Paoline Fsp | ||
| 260 | _c1999 [1° Ed.:1999 - Ed.Ling.Originale:1999] | ||
| 300 | _a"128 p. (prefazione: no ; testo: 128 [pagine: 0-0])" | ||
| 500 | _aLettere mai Spedite a Bill Gates per una Proposta di Partnership a Livellodi Contenuti, che l'autore Individua nella Chiesa Cattolica. Una sola Missione: Il Messaggio Deve Arrivare. La montagna e Il topolino: la Chiesa Vanta tanti Documenti e pochi Fatti, Gates tanti Fatti e meno Riflessioni. La Naomi Campbell della Comunicazione: la Chiesa Come Forma Comunicativa Ideale: Universalità e Località Unite Insieme. Una buona Compagna di Viaggio: la Chiesa Modello Comunicativo Ideale: pluralismo e Dialogo Uniti Insieme. Il freno che Accelera: Il Papa Come Personaggio Mediatico. L'Acceleratore che Frena: Il ritardo della Ricerca Teologica Sul fenomeno Comunicativo di Massa. Il Maggiolino tutto Matto: la Televisione. in Cassaforte, in vendita Ocome sole e pioggia dal Cielo?: Il Problema dei Contenuti. da Arbitro a Giocatore: Dalla Logica del Controllo a quella della Presenza. Gioco di Squadra per Andare In... Rete: Unire le forze per Esserci. Un Modellino in Scalaridotta: le Radio del circuito Marconi: Provare per Credere. | ||
| 650 | _aSAGGI PASTORALE COMUNICAZIONE SOCIALE | ||
| 650 | _eCodice materia Spics: 9311 | ||
| 942 | _cBK | ||
| 957 | _71 | ||
| 999 |
_c95543 _d95543 |
||
| 999 | _g1 | ||